000 00639nam a2200205Ia 4500
005 20250508154825.0
008 008 250505s9999 xx 000 0 eng d
037 _aTextual
040 _aFEDL
_beng
_cFEDL
041 _aeng
_2eng
084 _a001.64, GER
_qFEDL
100 _aGerard R W Ed.
_9766183
245 0 _aComputers and education: A workshop conference at University of California, Irvine
260 _aNew York, USA
_bMcGraw Hill Book Company
_c1967
300 _axxi,307p.
650 _aComputer Science
700 _a Miller J G Ed.
_9766184
942 _cTEXL
_h001.64, GER
999 _c1352325
_d1352325